000
00341nam a2200145Ia 4500
008
150201s2010 xx 000 0 und d
082
_a
D2010R
_b
617.6
100
_a
DR REDDY
245
_a
DENTAL INDEX
250
_a
1ST
260
_b
REDDY LAB PUBLICATION
_a
DELHI
_c
2010
300
_a
1-272
650
_a
GENERAL DENTISTRY
942
_2
ddc
_c
BK
999
_c
4602
_d
4602